Математическое и программное обеспечение для автоматизации проектирования электронных схем. Алфавитно-цифровой язык комплекса программ МИС ЕС: учебное пособие

التفاصيل البيبلوغرافية
مؤلف مشترك: Латвийский государственный университет им. Петра Стучки
اللغة:الروسية
منشور في: Рига, Изд-во Латвийского гос. ун-та, 1982
الموضوعات:
التنسيق: كتاب
KOHA link:https://koha.lib.tpu.ru/cgi-bin/koha/opac-detail.pl?biblionumber=316736

MARC

LEADER 00000nam0a2200000 4500
001 316736
005 20231102002914.0
035 |a (RuTPU)RU\TPU\book\342204 
035 |a RU\TPU\book\331804 
090 |a 316736 
100 |a 20160328d1982 m y0rusy50 ca 
101 0 |a rus 
102 |a LV 
105 |a a j 001zy 
200 1 |a Математическое и программное обеспечение для автоматизации проектирования электронных схем. Алфавитно-цифровой язык комплекса программ МИС ЕС  |e учебное пособие  |f Латвийский государственный университет им. Петра Стучки 
210 |a Рига  |c Изд-во Латвийского гос. ун-та  |d 1982 
215 |a 124 с.  |c ил. 
320 |a Библиогр.: с. 122 
606 1 |a Микроэлектронные схемы интегральные  |x Параметры  |x Измерение  |2 stltpush  |3 (RuTPU)RU\TPU\subj\43834  |9 63275 
610 1 |a математическое обеспечение 
610 1 |a программное обеспечение 
610 1 |a проектирование 
610 1 |a программы 
610 1 |a ЕС ЭВМ 
610 1 |a учебные пособия 
675 |a 621.382.049.77(075.8)  |v 4 
712 0 2 |a Латвийский государственный университет им. Петра Стучки  |2 stltpush  |3 (RuTPU)RU\TPU\col\7102  |9 24292 
801 1 |a RU  |b 63413507  |c 20151008 
801 2 |a RU  |b 63413507  |c 20191206  |g RCR 
942 |c BK